Australian States and Territories by Population - In Order - Statistics

General Stats
  • This quiz has been taken 121 times
  • The average score is 7 of 8
Answer Stats
Population State or Territory % Correct
7,987,300 New South Wales
98%
5,012,200 Queensland
95%
6,459,800 Victoria
95%
2,595,900 Western Australia
88%
1,736,400 South Australia
80%
528,100 Tasmania
80%
247,300 Northern Territory
64%
420,900 Australian Capital Territory
63%
No matching quizzes found
Score Distribution
Percent of People with Each Score
Percentile by Number Answered
Your Score History
You have not taken this quiz